[Event "US Open"]
[Site "Los Angeles"]
[Date "2003.08.11"]
[Round "8"]
[White "Zaikov, O."]
[Black "Handoko, Edhi"]
[Result "1/2-1/2"]
[WhiteElo "2306"]
[BlackElo "2429"]
[PlyCount "62"]
[EventDate "2003.08.03"]
[Source "Roberto Alvarez"]
[SourceDate "2003.08.18"]

1. d4 d5 2. c4 e6 3. Nc3 Nf6 4. Bg5 Nbd7 5. e3 c6 6. Nf3 Qa5 7. Nd2 Bb4 8. Qc2 Ne4 9. Ndxe4 dxe4 10. Bh4 e5 11. Be2 O-O 12. O-O f5 13. c5 Bxc3 14. bxc3 Nf6 15. Bc4+ Kh8 16. dxe5 Qxc5 17. exf6 Qxc4 18. fxg7+ Kxg7 19. Bg3 Be6 20. Be5+ Kg8 21. f4 h6 22. Qf2 Kh7 23. Rfd1 Rad8 24. Rxd8 Rxd8 25. Qh4 Rd2 26. Qf6 Rxg2+ 27. Kxg2 Qe2+ 28. Kh1 Qf3+ 29. Kg1 Qxe3+ 30. Kh1 Qf3+ 31. Kg1 Qe3+ 1/2-1/2

[Event "9th Open, Nikea GRE"]
[Site "?"]
[Date "2001.??.??"]
[Round "8"]
[White "Potapov, A1."]
[Black "Mouroutis, K."]
[Result "1-0"]
[WhiteElo "2505"]
[BlackElo "2225"]
[PlyCount "111"]
[EventDate "2001.??.??"]
[Source "www.chesslib.no"]
[SourceDate "2004.05.04"]

1. d4 d5 2. c4 e6 3. Nc3 Nf6 4. Bg5 Nbd7 5. e3 c6 6. Nf3 Qa5 7. Nd2 Be7 8. a3 O-O 9. b4 Qd8 10. f4 h6 11. Bxf6 Nxf6 12. c5 Ne8 13. Bd3 f5 14. Nf3 Nf6 15. Ne5 Ne4 16. Bxe4 fxe4 17. O-O Bf6 18. Qb3 Bxe5 19. dxe5 b6 20. Rfd1 Qe7 21. Na4 Rb8 22. Rac1 Bd7 23. Qb2 Kh7 24. Qd4 b5 25. Nc3 Be8 26. Rf1 a5 27. bxa5 Qc7 28. Qb4 Ra8 29. a4 bxa4 30. Qb6 Rf7 31. Ra1 Rxa5 32. Rxa4 Rxa4 33. Nxa4 Qa7 34. Qd8 Qd7 35. Qb8 Re7 36. Nb6 Qc7 37. Qxc7 Rxc7 38. Ra1 Bh5 39. h3 Be2 40. Kf2 Bd3 41. Ra8 g5 42. g3 Kg7 43. Nc8 Rb7 44. Ra7 Rxa7 45. Nxa7 gxf4 46. gxf4 Kf7 47. Nxc6 h5 48. Kg3 Ke8 49. Nd4 Kd7 50. Kh4 Bf1 51. c6+ Kc7 52. Nxe6+ Kxc6 53. Nd4+ Kd7 54. f5 Ke7 55. Kxh5 Bxh3 56. Kg6 1-0

[Event "Oslo CI"]
[Site "Oslo"]
[Date "1974.??.??"]
[Round "7"]
[White "Ogaard, Leif"]
[Black "Vinje Gulbrandsen, Arne"]
[Result "1-0"]
[WhiteElo "2385"]
[BlackElo "2335"]
[PlyCount "65"]
[EventDate "1974.??.??"]
[Source "ChessBase"]

1. d4 d5 2. c4 e6 3. Nc3 Nf6 4. Bg5 Nbd7 5. e3 c6 6. Nf3 Qa5 7. Nd2 Ne4 8. Ndxe4 dxe4 9. Bh4 Bb4 10. Qc2 f5 11. Be2 O-O 12. O-O Nf6 13. Bg3 Qd8 14. Rab1 Bd6 15. b4 Bxg3 16. hxg3 Bd7 17. b5 Be8 18. bxc6 bxc6 19. Rb7 Bh5 20. Rfb1 Bxe2 21. Qxe2 e5 22. dxe5 Ng4 23. Nxe4 Qe8 24. Nd2 Qxe5 25. Nf3 Qf6 26. c5 Rfd8 27. Qc4+ Kh8 28. Rf7 Rab8 29. Rf1 Rb4 30. Rxf6 Rxc4 31. Rxf5 Nf6 32. Ne5 Rd5 33. Rxf6 1-0

[Event "Koge op"]
[Site "Koge"]
[Date "1997.??.??"]
[Round "1"]
[White "Petersen, S."]
[Black "Hansen, Lars Bo"]
[Result "0-1"]
[WhiteElo "2140"]
[BlackElo "2570"]
[PlyCount "84"]
[EventDate "1997.??.??"]
[Source "www.chesslib.no"]
[SourceDate "2004.05.04"]

1. d4 d5 2. c4 e6 3. Nc3 Nf6 4. Bg5 Nbd7 5. e3 c6 6. Nf3 Qa5 7. Nd2 dxc4 8. Bxf6 Nxf6 9. Nxc4 Qc7 10. Rc1 Be7 11. Be2 O-O 12. O-O Rd8 13. Qc2 Bd7 14. a3 Be8 15. Rfd1 Rac8 16. e4 b5 17. Ne3 c5 18. e5 cxd4 19. exf6 Bxf6 20. Ncd5 Qb8 21. Nxf6+ gxf6 22. Qe4 dxe3 23. Qxe3 Rxd1+ 24. Rxd1 Qe5 25. Qxe5 fxe5 26. g3 Kf8 27. b4 Ke7 28. f3 f6 29. Kf2 a6 30. Rd3 Bg6 31. Re3 Rc2 32. g4 Kd6 33. Rb3 h5 34. h4 e4 35. g5 fxg5 36. hxg5 h4 37. fxe4 Bh5 38. Re3 h3 39. g6 h2 40. Rh3 Rxe2+ 41. Kf1 Bg4 42. Rh8 Bf3 0-1

[Event "Goodricke 12th op"]
[Site "Calcutta"]
[Date "2001.02.06"]
[Round "1"]
[White "Deshmukh, Anup"]
[Black "Datu, Idelfonso"]
[Result "1/2-1/2"]
[WhiteElo "2313"]
[BlackElo "2381"]
[PlyCount "29"]
[EventDate "2001.02.06"]
[Source "ChessBase"]
[SourceDate "2001.05.17"]

1. d4 d5 2. c4 e6 3. Nc3 Nf6 4. Bg5 Nbd7 5. e3 c6 6. Nf3 Qa5 7. Nd2 Bb4 8. Qc2 dxc4 9. Bxf6 Nxf6 10. Nxc4 Qc7 11. a3 Be7 12. Bd3 O-O 13. h3 c5 14. O-O cxd4 15. Nb5 1/2-1/2

[Event "Calcutta"]
[Site "?"]
[Date "2001.02.06"]
[Round "1"]
[White "Deshmukh Anup"]
[Black "Datu Idelfanso"]
[Result "1/2-1/2"]
[WhiteElo "2313"]
[BlackElo "2381"]
[PlyCount "59"]
[EventDate "2001.??.??"]
[Source "www.chesslib.no"]
[SourceDate "2004.05.04"]

1. d4 d5 2. c4 e6 3. Nc3 Nf6 4. Bg5 Nbd7 5. e3 c6 6. Nf3 Qa5 7. Nd2 Bb4 8. Qc2 dxc4 9. Bxf6 Nxf6 10. Nxc4 Qc7 11. a3 Be7 12. Bd3 O-O 13. h3 c5 14. O-O cxd4 15. Nb5 Qb8 16. Nxd4 Bd7 17. Rfd1 Rc8 18. Qe2 b5 19. Na5 Qb6 20. b4 Nd5 21. Qf3 Rab8 22. Be4 Nc3 23. Ndc6 Bxc6 24. Nxc6 Rxc6 25. Bxc6 Nxd1 26. Rxd1 Rd8 27. Rxd8+ Bxd8 28. Qd1 a6 29. Qd7 g6 30. Qb7 1/2-1/2

[Event "Corr"]
[Site "corr"]
[Date "1990.??.??"]
[Round "?"]
[White "Weber, K."]
[Black "Scheil, D."]
[Result "1-0"]
[WhiteElo "2370"]
[BlackElo "2320"]
[PlyCount "63"]
[EventDate "1990.??.??"]
[Source "www.chesslib.no"]
[SourceDate "2004.05.04"]

1. d4 d5 2. c4 e6 3. Nc3 Nf6 4. Bg5 Nbd7 5. e3 c6 6. Nf3 Qa5 7. Nd2 Bb4 8. Qc2 O-O 9. Be2 e5 10. O-O exd4 11. Nb3 Qc7 12. Nxd4 dxc4 13. Bxc4 Bd6 14. f4 Re8 15. Rf3 Ng4 16. Ne4 h6 17. Bxf7+ Kxf7 18. Qc4+ Kg6 19. Ne6 Rxe6 20. Qxe6+ Ndf6 21. Qxd6 Qxd6 22. Nxd6 hxg5 23. h3 Nh6 24. fxg5 Kxg5 25. Rg3+ Kh4 26. Rxg7 Nf5 27. Nxf5+ Bxf5 28. Rf7 Kg5 29. Rf1 Rh8 30. e4 Kg6 31. Rxf6+ Kxf6 32. exf5 1-0

[Event "Catania Open"]
[Site "Catania"]
[Date "1995.??.??"]
[Round "5"]
[White "Marinelli, Tullio"]
[Black "Genovese, Maurizio"]
[Result "1-0"]
[WhiteElo "2425"]
[BlackElo "2255"]
[PlyCount "77"]
[EventDate "1995.08.??"]
[Source "www.chesslib.no"]
[SourceDate "2004.05.04"]

1. d4 d5 2. c4 e6 3. Nc3 Nf6 4. Bg5 Nbd7 5. e3 c6 6. Nf3 Qa5 7. Nd2 Bb4 8. Qc2 Ne4 9. Ndxe4 dxe4 10. Bh4 O-O 11. Be2 e5 12. O-O exd4 13. Nxe4 dxe3 14. fxe3 f5 15. a3 Bc5 16. Nxc5 Qxc5 17. Qc3 Re8 18. Bg5 h6 19. b4 Qe5 20. Qxe5 Nxe5 21. Bf4 Nf7 22. Kf2 Be6 23. Rfd1 Re7 24. Rac1 g5 25. Bg3 Kg7 26. Bh5 Kf6 27. h3 Ne5 28. Be2 Rd7 29. Rxd7 Nxd7 30. h4 a5 31. hxg5+ hxg5 32. b5 Nc5 33. Bc7 Ne4+ 34. Kg1 a4 35. Bf3 Nd2 36. b6 Nxf3+ 37. gxf3 Rh8 38. f4 g4 39. Be5+ 1-0

[Event "Wiesbaden Open"]
[Site "Wiesbaden GER"]
[Date "1991.??.??"]
[Round "5"]
[White "Bandza, Algirdas"]
[Black "Schwarz, Peter"]
[Result "1-0"]
[WhiteElo "2405"]
[BlackElo "2270"]
[PlyCount "85"]
[EventDate "1991.??.??"]
[Source "www.chesslib.no"]
[SourceDate "2004.05.04"]

1. d4 d5 2. c4 e6 3. Nc3 Nf6 4. Bg5 Nbd7 5. e3 c6 6. Nf3 Qa5 7. Nd2 Bb4 8. Qc2 O-O 9. Be2 e5 10. O-O exd4 11. Nb3 Qc7 12. Nxd4 dxc4 13. Bxc4 Bd6 14. h3 h6 15. Bh4 Nb6 16. Bb3 Nfd5 17. Nf5 Bxf5 18. Qxf5 Nxc3 19. bxc3 c5 20. Rad1 c4 21. Bc2 g6 22. Qg4 Kg7 23. e4 Be7 24. Bg3 Qc5 25. Bf4 Rad8 26. Be3 Qc8 27. Bd4+ Kh7 28. Qg3 Bc5 29. Bf6 Rxd1 30. Rxd1 Qe6 31. Qh4 Re8 32. Bg5 Bf8 33. Be3 Bg7 34. Bd4 Qe7 35. Qf4 Rd8 36. e5 Qe6 37. Re1 Nd5 38. Qe4 b5 39. f4 a5 40. g4 Qe7 41. f5 Qg5 42. fxg6+ fxg6 43. h4 1-0

[Event "Corr"]
[Site "?"]
[Date "2000.05.15"]
[Round "?"]
[White "Schmidt Theo"]
[Black "Reisinger Georg (GER)"]
[Result "1/2-1/2"]
[WhiteElo "2390"]
[BlackElo "2285"]
[PlyCount "73"]
[EventDate "2000.??.??"]
[Source "www.chesslib.no"]
[SourceDate "2004.05.04"]

1. d4 d5 2. c4 e6 3. Nc3 Nf6 4. Bg5 Nbd7 5. e3 c6 6. Nf3 Qa5 7. cxd5 Nxd5 8. Qd2 Bb4 9. Rc1 O-O 10. Bd3 e5 11. O-O h6 12. Bh4 exd4 13. exd4 N7b6 14. a3 Bxc3 15. bxc3 Be6 16. Rfe1 Rfe8 17. Bb1 Qxa3 18. c4 Ne7 19. Re3 Qa6 20. Bxe7 Rxe7 21. Qb4 c5 22. Qxc5 Ree8 23. Ra3 Nd7 24. Rxa6 Nxc5 25. Ra3 Na6 26. Be4 Bc8 27. Nd2 Nc7 28. d5 Rd8 29. Rca1 a6 30. f4 f5 31. Bf3 g5 32. g3 b5 33. d6 Rxd6 34. Bxa8 Rxd2 35. Bg2 gxf4 36. Rc3 Be6 37. cxb5 1/2-1/2

[Event "Thessaloniki ol (Men)"]
[Site "Thessaloniki GRE"]
[Date "1988.??.??"]
[Round "1"]
[White "Ionescu, Constantin"]
[Black "Kilani, Z."]
[Result "1-0"]
[WhiteElo "2465"]
[BlackElo "2205"]
[PlyCount "95"]
[EventDate "1988.11.??"]
[Source "www.chesslib.no"]
[SourceDate "2004.05.04"]

1. d4 d5 2. c4 e6 3. Nc3 Nf6 4. Bg5 Nbd7 5. e3 c6 6. Nf3 Qa5 7. Nd2 dxc4 8. Bxf6 Nxf6 9. Nxc4 Qc7 10. Be2 Be7 11. O-O O-O 12. Qc2 b6 13. a3 Bb7 14. b4 Rac8 15. Rfd1 Rfd8 16. Rac1 Qb8 17. Qb3 Nd7 18. Bf3 Ba8 19. Ne2 c5 20. Bxa8 Qxa8 21. dxc5 bxc5 22. b5 Qb8 23. Nc3 Qc7 24. Ne4 Nf6 25. Nxf6+ Bxf6 26. a4 Rd5 27. Rd2 Rcd8 28. Rcd1 Rxd2 29. Rxd2 Rxd2 30. Nxd2 Qa5 31. Nf3 g6 32. Kf1 Qc3 33. Qxc3 Bxc3 34. Ke2 Kf8 35. Kd3 Bb4 36. Ne5 Be1 37. f3 Ke8 38. Kc4 Bf2 39. e4 Bg1 40. h3 f6 41. Nc6 Kd7 42. Nxa7 Kc7 43. Nc6 h5 44. a5 g5 45. a6 f5 46. g4 fxg4 47. fxg4 hxg4 48. hxg4 1-0

[Event "TCh-Africa"]
[Site "?"]
[Date "2003.10.10"]
[Round "1"]
[White "Hailu Wossenyelew"]
[Black "Adly Ahmed"]
[Result "0-1"]
[WhiteElo "2211"]
[BlackElo "2448"]
[PlyCount "99"]
[EventDate "2003.??.??"]
[Source "www.chesslib.no"]
[SourceDate "2004.05.04"]

1. d4 d5 2. c4 e6 3. Nc3 Nf6 4. Bg5 Nbd7 5. e3 c6 6. Nf3 Qa5 7. Nd2 Bb4 8. Qc2 Ne4 9. Ndxe4 dxe4 10. Bh4 O-O 11. Be2 e5 12. a3 exd4 13. exd4 f5 14. O-O Bxc3 15. Qxc3 Qxc3 16. bxc3 Nb6 17. c5 Nd5 18. Bc4 Be6 19. Bxd5 Bxd5 20. Be7 Rf7 21. Bd6 b5 22. a4 a5 23. axb5 cxb5 24. Rfb1 Rb7 25. Ra3 Ra6 26. h3 g5 27. Rba1 a4 28. Rb1 Kf7 29. g3 Ke6 30. Kf1 Bb3 31. Ke1 Kd5 32. Kd2 b4 33. cxb4 Rxb4 34. Be5 Rh6 35. Rc1 Kc6 36. h4 gxh4 37. gxh4 Rxh4 38. Rg1 Rc4 39. Rg7 Rc2+ 40. Ke3 Rc3+ 41. Kd2 Rd3+ 42. Kc1 Rc3+ 43. Kd2 Rd3+ 44. Kc1 Rh1+ 45. Kb2 Kb5 46. Bf4 Re1 47. Rg3 Re2+ 48. Kb1 Rd1+ 49. Bc1 Bc2+ 50. Kb2 0-1

[Event "14.Seefeld(Casino) op"]
[Site "?"]
[Date "2003.09.14"]
[Round "2"]
[White "Voloshin Leonid"]
[Black "Pap Gyula"]
[Result "1-0"]
[WhiteElo "2468"]
[BlackElo "2189"]
[PlyCount "79"]
[EventDate "2003.??.??"]
[Source "www.chesslib.no"]
[SourceDate "2004.05.04"]

1. d4 d5 2. c4 e6 3. Nc3 Nf6 4. Bg5 Nbd7 5. e3 c6 6. Nf3 Qa5 7. Bxf6 Nxf6 8. Bd3 Bb4 9. Qc2 c5 10. cxd5 Nxd5 11. O-O Bxc3 12. bxc3 h6 13. Rfc1 O-O 14. Ne5 Qc7 15. e4 Ne7 16. Nc4 Bd7 17. e5 Nc8 18. Qe2 Bc6 19. Bc2 Rd8 20. Qd3 g6 21. Qe3 Bd5 22. Nd2 Kg7 23. dxc5 Ne7 24. c4 Bc6 25. Nb3 Ba4 26. Rd1 Rxd1+ 27. Rxd1 Rd8 28. Rd6 Nc8 29. Qf4 Nxd6 30. cxd6 Qc8 31. h4 Bxb3 32. axb3 Qd7 33. h5 Rg8 34. Qf6+ Kh7 35. b4 a6 36. c5 Qe8 37. Bb3 Rg7 38. hxg6+ fxg6 39. Qxe6 Qb5 40. Qc4 1-0

[Event "GRE Ch"]
[Site "Serres"]
[Date "1990.??.??"]
[Round "7"]
[White "Grivas, Efstratios"]
[Black "Botsari-Miladinovic, Anna-Maria"]
[Result "1/2-1/2"]
[WhiteElo "2445"]
[BlackElo "2205"]
[PlyCount "54"]
[EventDate "1990.??.??"]
[Source "www.chesslib.no"]
[SourceDate "2004.05.04"]

1. d4 d5 2. c4 e6 3. Nc3 Nf6 4. Bg5 Nbd7 5. e3 c6 6. Nf3 Qa5 7. Nd2 Bb4 8. Qc2 O-O 9. Be2 e5 10. Nb3 Qa4 11. cxd5 exd4 12. exd4 Nxd5 13. O-O Nxc3 14. bxc3 Bd6 15. c4 c5 16. d5 h6 17. Bd2 Re8 18. Rae1 Nf6 19. Bc3 Ng4 20. g3 Ne5 21. f4 Ng4 22. Qb2 Bf8 23. Nd2 Ne3 24. Rf2 Ng4 25. Rff1 Ne3 26. Rf2 Ng4 27. Rff1 Ne3 1/2-1/2

[Event "CSR Team Ch 9091"]
[Site "Czekhoslovakia"]
[Date "1991.02.02"]
[Round "7.3"]
[White "Zvolanek, Libor"]
[Black "Jirovsky, Milos"]
[Result "1-0"]
[WhiteElo "2340"]
[BlackElo "2305"]
[PlyCount "47"]
[EventDate "1990.??.??"]
[Source "www.chesslib.no"]
[SourceDate "2004.05.04"]

1. d4 d5 2. c4 e6 3. Nc3 Nf6 4. Bg5 Nbd7 5. e3 c6 6. Nf3 Qa5 7. cxd5 Nxd5 8. Qd2 N7b6 9. Bd3 Nxc3 10. bxc3 Na4 11. O-O Qxc3 12. Qe2 Qb2 13. Bc2 Nc3 14. Qd3 Nd5 15. Rfb1 Qc3 16. Qd1 Be7 17. Rb3 Qa5 18. e4 Bxg5 19. Nxg5 Nf4 20. e5 Qd5 21. Rf3 Qxd4 22. Qe1 f6 23. Rd1 Qxe5 24. Rd8+ 1-0

[Event "Papp Bela Memorial"]
[Site "HUN"]
[Date "1995.??.??"]
[Round "?"]
[White "Lehmann, Zoltan"]
[Black "Ivakhin, Maxim"]
[Result "0-1"]
[WhiteElo "2340"]
[BlackElo "2300"]
[PlyCount "64"]
[EventDate "1995.??.??"]
[Source "www.chesslib.no"]
[SourceDate "2004.05.04"]

1. d4 d5 2. c4 e6 3. Nc3 Nf6 4. Bg5 Nbd7 5. e3 c6 6. Nf3 Qa5 7. Nd2 Bb4 8. Qc2 Ne4 9. Ndxe4 dxe4 10. Bh4 O-O 11. Be2 f5 12. O-O Nf6 13. Bg3 Be7 14. a3 Qd8 15. b4 Qe8 16. f3 exf3 17. Bxf3 g5 18. Qb3 Qg6 19. d5 g4 20. Be2 Nh5 21. Be5 Bg5 22. Na4 Qh6 23. Kf2 exd5 24. cxd5 cxd5 25. Nc5 Be6 26. Rad1 Bf7 27. Rxd5 Bxe3+ 28. Ke1 Bd2+ 29. Kd1 Bf4 30. Bc3 Rad8 31. Bc4 Rxd5+ 32. Bxd5 Rd8 0-1

[Event "Budapest Elekes Mem-B"]
[Site "Budapest"]
[Date "1997.??.??"]
[Round "5"]
[White "Mira, Helene"]
[Black "Izsak, Gyula"]
[Result "1/2-1/2"]
[WhiteElo "2230"]
[BlackElo "2400"]
[PlyCount "80"]
[EventDate "1997.??.??"]
[Source "www.chesslib.no"]
[SourceDate "2004.05.04"]

1. d4 d5 2. c4 e6 3. Nc3 Nf6 4. Bg5 Nbd7 5. e3 c6 6. Nf3 Qa5 7. cxd5 exd5 8. Nd2 Bd6 9. Rc1 O-O 10. Bd3 a6 11. Bb1 Re8 12. a3 Qb6 13. Nb3 Qc7 14. Qf3 Qb6 15. Qd1 g6 16. Bd3 Be7 17. Qc2 Nf8 18. O-O Ne6 19. Bh4 Ng7 20. Na4 Qc7 21. Bg3 Bd6 22. Bxd6 Qxd6 23. Nb6 Rb8 24. Nxc8 Rbxc8 25. Nc5 Rc7 26. a4 Ne6 27. b4 Ng4 28. g3 Nxc5 29. bxc5 Qe6 30. Qe2 Nf6 31. Qf3 Kg7 32. Kg2 Ne4 33. Rfd1 Rd7 34. h4 h5 35. Bxe4 dxe4 36. Qe2 Ree7 37. Rd2 f5 38. Rb2 Qf7 39. Rcb1 g5 40. Rh1 g4 1/2-1/2

[Event "VII Gibtelecom Masters"]
[Site "Caleta ING"]
[Date "2009.01.27"]
[Round "1"]
[White "Bellon Lopez, JuM"]
[Black "Kozlov, O."]
[Result "1-0"]
[WhiteElo "2440"]
[BlackElo "2187"]
[PlyCount "57"]
[EventDate "2009.01.27"]
[Source "www.chesslib.no"]
[SourceDate "2004.05.04"]

1. d4 d5 2. c4 e6 3. Nc3 Nf6 4. Bg5 Nbd7 5. e3 c6 6. Nf3 Qa5 7. Nd2 Bb4 8. Qc2 c5 9. Be2 cxd4 10. exd4 dxc4 11. Bxf6 Nxf6 12. Nxc4 Bxc3+ 13. bxc3 Qc7 14. Qa4+ Bd7 15. Qa3 Ne4 16. f3 Bb5 17. Nd2 Nd6 18. Ne4 Bxe2 19. Nxd6+ Kd7 20. Nxf7 Bc4 21. Nxh8 Rxh8 22. Kf2 b6 23. Rhe1 Kc8 24. Re5 Kb8 25. Qb4 Rc8 26. Rc5 a5 27. Rxc7 axb4 28. Rxc8+ Kxc8 29. cxb4 1-0

[Event "Pardubice"]
[Site "?"]
[Date "2006.07.24"]
[Round "4"]
[White "Meister Peter"]
[Black "Nilsson Sebastian"]
[Result "1/2-1/2"]
[WhiteElo "2384"]
[BlackElo "2236"]
[PlyCount "84"]
[EventDate "2006.??.??"]
[Source "www.chesslib.no"]
[SourceDate "2004.05.04"]

1. d4 d5 2. c4 e6 3. Nc3 Nf6 4. Bg5 Nbd7 5. e3 c6 6. Nf3 Qa5 7. Nd2 Bb4 8. Qc2 O-O 9. Be2 c5 10. dxc5 Qxc5 11. O-O Bxc3 12. bxc3 dxc4 13. Bh4 b6 14. Bxc4 Bb7 15. Rfd1 Rac8 16. Rac1 Qh5 17. Bg3 Nc5 18. Bf1 Nce4 19. Nxe4 Nxe4 20. Rd7 Rxc3 21. Qxc3 Nxc3 22. Rxc3 Bd5 23. Rxa7 e5 24. a3 Qf5 25. Re7 f6 26. f3 Qb1 27. e4 Bf7 28. Rec7 Qa1 29. Bf2 b5 30. Rc1 Qb2 31. R7c2 Qb3 32. Rc5 Qxa3 33. Bxb5 h5 34. h3 Be6 35. Bf1 Qa8 36. Rc7 Rc8 37. Ra7 Qb8 38. Rca1 Kh7 39. Re7 Re8 40. Rea7 Rc8 41. Re7 Re8 42. Rea7 Rc8 1/2-1/2

[Event "AUT Ch"]
[Site "Austria"]
[Date "1991.??.??"]
[Round "?"]
[White "Kummer, Helmut"]
[Black "Baumgartner, Heinz"]
[Result "0-1"]
[WhiteElo "2275"]
[BlackElo "2345"]
[PlyCount "74"]
[EventDate "1991.??.??"]
[Source "www.chesslib.no"]
[SourceDate "2004.05.04"]

1. d4 d5 2. c4 e6 3. Nc3 Nf6 4. Bg5 Nbd7 5. e3 c6 6. Nf3 Qa5 7. Nd2 Bb4 8. Qc2 O-O 9. a3 e5 10. Rc1 Bd6 11. Be2 exd4 12. Nb3 Qc7 13. Nxd4 dxc4 14. Bxc4 Qa5 15. Nf5 Be5 16. Ne7+ Kh8 17. h4 Qc5 18. Nxc8 Qxc4 19. Ne7 Nc5 20. Nd1 Nd3+ 21. Kf1 Qa6 22. Rb1 Rfe8 23. Nf5 Nf4+ 24. Ke1 Rad8 25. Bxf4 Bxf4 26. Rh3 Ne4 27. Nc3 Rd2 28. Qa4 Re2+ 29. Nxe2 Qxa4 30. exf4 Qa5+ 31. b4 Qxf5 32. Re3 Nf6 33. Rd1 Rxe3 34. fxe3 h5 35. Nd4 Qe4 36. Nf3 Qxe3+ 37. Kf1 Ne4 0-1

[Event "Corr"]
[Site "?"]
[Date "2002.04.30"]
[Round "?"]
[White "Schaefer Norbert"]
[Black "Schumacher Horst"]
[Result "1-0"]
[WhiteElo "2351"]
[BlackElo "2258"]
[PlyCount "70"]
[EventDate "2002.??.??"]
[Source "www.chesslib.no"]
[SourceDate "2004.05.04"]

1. d4 d5 2. c4 e6 3. Nc3 Nf6 4. Bg5 Nbd7 5. e3 c6 6. Nf3 Qa5 7. cxd5 Nxd5 8. Qd2 N7b6 9. Rc1 Nxc3 10. bxc3 Nd5 11. Bd3 Nxc3 12. O-O Bb4 13. Qb2 Nd5 14. Rc4 Qa3 15. Qxa3 Bxa3 16. e4 Nb6 17. Rc2 Bd6 18. Ra1 h6 19. Be3 O-O 20. a4 f5 21. a5 fxe4 22. Bxe4 Nd5 23. a6 Rf7 24. Bd2 Rc7 25. axb7 Bxb7 26. Rb2 a6 27. Ba5 Rd7 28. Rab1 Ra7 29. Bc2 c5 30. Ba4 Re7 31. Bd8 Rf7 32. Bb6 Nxb6 33. Rxb6 Bf8 34. Ne5 Rc7 35. dxc5 Bxc5 1-0

[Event "Bundesliga 8586"]
[Site "Germany"]
[Date "1986.??.??"]
[Round "?"]
[White "Federau, Juergen"]
[Black "Gawehns, Klaus"]
[Result "0-1"]
[WhiteElo "2240"]
[BlackElo "2365"]
[PlyCount "122"]
[EventDate "1985.10.??"]
[Source "ChessBase"]
[SourceDate "1999.07.01"]

1. d4 d5 2. c4 e6 3. Nc3 Nf6 4. Bg5 Nbd7 5. e3 c6 6. Nf3 Qa5 7. Nd2 dxc4 8. Bxf6 Nxf6 9. Nxc4 Qc7 10. Bd3 Be7 11. O-O O-O 12. Rc1 Rd8 13. Qe2 Bd7 14. a3 Be8 15. h3 c5 16. dxc5 Qxc5 17. b4 Qc7 18. Na5 Rac8 19. Rfd1 b6 20. Nb3 Qb8 21. Nd4 a5 22. Qb2 axb4 23. axb4 Qd6 24. b5 Qa3 25. Qxa3 Bxa3 26. Rc2 Bc5 27. Nb3 Bb4 28. Na2 Be7 29. Rxc8 Rxc8 30. Rc1 Rxc1+ 31. Nbxc1 Nd5 32. Ne2 Bc5 33. Nec3 Nc7 34. Kf1 Kf8 35. Ke2 f5 36. Bc4 e5 37. Kd3 Ke7 38. Kc2 h5 39. h4 f4 40. Kd3 Bg6+ 41. Ke2 Kd6 42. Kf3 fxe3 43. fxe3 Ne8 44. Nd5 Nf6 45. Nxf6 gxf6 46. Nc3 f5 47. g3 Be8 48. e4 Bd4 49. Ne2 Kc5 50. Bd5 fxe4+ 51. Bxe4 Bxb5 52. Nxd4 exd4 53. Bg6 Kc4 54. Bxh5 Kc3 55. g4 Bc4 56. g5 b5 57. g6 b4 58. g7 b3 59. Bg6 d3 60. Ke3 d2 61. Bd3 d1=Q 0-1

[Event "FRA"]
[Site "France"]
[Date "1993.??.??"]
[Round "?"]
[White "Marchand, Francois"]
[Black "Kappler, Jean-Marie"]
[Result "1/2-1/2"]
[WhiteElo "2290"]
[BlackElo "2300"]
[PlyCount "71"]
[EventDate "1993.??.??"]
[Source "www.chesslib.no"]
[SourceDate "2004.05.04"]

1. d4 d5 2. c4 e6 3. Nc3 Nf6 4. Bg5 Nbd7 5. e3 c6 6. Nf3 Qa5 7. Nd2 Bb4 8. Qc2 Ne4 9. Ncxe4 dxe4 10. Bh4 O-O 11. a3 g5 12. Bg3 f5 13. O-O-O Be7 14. h4 g4 15. f3 exf3 16. gxf3 Nf6 17. e4 gxf3 18. exf5 exf5 19. Bd3 Ng4 20. Rde1 Bf6 21. Nxf3 h6 22. c5 b6 23. Bd6 bxc5 24. Bxf8 Kxf8 25. Qxc5+ Qxc5+ 26. dxc5 Nf2 27. Bc4 Nxh1 28. Rxh1 Bd7 29. Rd1 Rd8 30. Rd6 Kg7 31. b4 Be7 32. Rd1 Bc8 33. Re1 Bf6 34. Rg1+ Kf8 35. Rg8+ Ke7 36. Rg1 1/2-1/2

[Event "Aix Les Bains FRA"]
[Site "?"]
[Date "2006.??.??"]
[Round "7.1"]
[White "Meynard Thibault"]
[Black "Jessel Stephen"]
[Result "0-1"]
[WhiteElo "2256"]
[BlackElo "2328"]
[PlyCount "126"]
[EventDate "2006.??.??"]
[Source "www.chesslib.no"]
[SourceDate "2004.05.04"]

1. d4 d5 2. c4 e6 3. Nc3 Nf6 4. Bg5 Nbd7 5. e3 c6 6. Nf3 Qa5 7. Nd2 dxc4 8. Bxf6 Nxf6 9. Nxc4 Qc7 10. a3 Be7 11. Be2 O-O 12. O-O Rd8 13. b4 Nd5 14. Qb3 Bd7 15. Rac1 Be8 16. Ne4 a6 17. Nc5 b6 18. Nd3 Qa7 19. Nce5 Rdc8 20. Rc2 a5 21. Rfc1 axb4 22. axb4 Qb7 23. e4 Nf6 24. Bf3 c5 25. b5 cxd4 26. Nc6 Ba3 27. e5 Nd5 28. Ra1 Bc5 29. Rxa8 Rxa8 30. Bxd5 Ra1+ 31. Rc1 Rxc1+ 32. Nxc1 exd5 33. Qxd5 Kf8 34. Nb3 Qa8 35. h4 Qa2 36. Qc4 d3 37. Qxd3 Qxf2+ 38. Kh2 Qxh4+ 39. Qh3 Qf4+ 40. g3 Qf2+ 41. Qg2 Bxc6 42. Qxf2 Bxf2 43. bxc6 Ke7 44. Kg2 Be1 45. Kf3 Kd8 46. Ke4 Bxg3 47. Nd4 h5 48. Kd5 h4 49. Nb5 h3 50. Kd6 Bxe5+ 51. Kxe5 h2 52. Kd6 h1=Q 53. c7+ Kc8 54. Na7+ Kb7 55. c8=Q+ Kxa7 56. Qd7+ Qb7 57. Qa4+ Kb8 58. Ke5 Qe7+ 59. Kf5 g6+ 60. Kg4 f5+ 61. Kg3 Qe3+ 62. Kh2 Qe2+ 63. Kg3 Qg4+ 0-1

[Event "Forli Open"]
[Site "Forli"]
[Date "1992.??.??"]
[Round "9"]
[White "Mantovani, Renzo"]
[Black "Stavru, Alessandro"]
[Result "1-0"]
[WhiteElo "2340"]
[BlackElo "2235"]
[PlyCount "78"]
[EventDate "1992.09.??"]
[Source "www.chesslib.no"]
[SourceDate "2004.05.04"]

1. d4 d5 2. c4 e6 3. Nc3 Nf6 4. Bg5 Nbd7 5. e3 c6 6. Nf3 Qa5 7. Nd2 Bb4 8. Qc2 O-O 9. Be2 e5 10. Bxf6 Nxf6 11. dxe5 Ne4 12. O-O Bxc3 13. bxc3 Qxc3 14. Qxc3 Nxc3 15. Bf3 dxc4 16. Nxc4 Be6 17. Nd6 Rab8 18. a4 Rfd8 19. Rfc1 Na2 20. Rcb1 b5 21. axb5 cxb5 22. Nxb5 a5 23. Nd4 Rxb1+ 24. Rxb1 a4 25. h3 a3 26. Nxe6 fxe6 27. Rb3 Nc1 28. Rxa3 Nd3 29. Bg4 Kf7 30. f4 Nc5 31. Ra7+ Kg6 32. Rc7 Ne4 33. Rc6 Rd3 34. Bxe6 Kh5 35. Bg4+ Kh4 36. Kh2 h5 37. Bf5 Rxe3 38. Bxe4 g5 39. Bf3 Rxf3 1-0

[Event "European GP"]
[Site "?"]
[Date "2003.08.28"]
[Round "4"]
[White "Ghane Shojaat"]
[Black "Ataman Alper"]
[Result "1-0"]
[WhiteElo "2374"]
[BlackElo "2197"]
[PlyCount "55"]
[EventDate "2003.??.??"]
[Source "www.chesslib.no"]
[SourceDate "2004.05.04"]

1. d4 d5 2. c4 e6 3. Nc3 Nf6 4. Bg5 Nbd7 5. e3 c6 6. Nf3 Qa5 7. cxd5 Nxd5 8. Rc1 Bb4 9. a3 Bxc3+ 10. bxc3 O-O 11. e4 N5f6 12. Bd3 h6 13. Bxf6 Nxf6 14. O-O Rd8 15. Qe2 Nd7 16. e5 Qxa3 17. Nd2 Nf8 18. Ne4 Qe7 19. f4 b6 20. Rf3 c5 21. Rg3 Bb7 22. Nf6+ Kh8 23. Qg4 Ng6 24. Bxg6 fxg6 25. Qh4 gxf6 26. Rxg6 Be4 27. exf6 Bxg6 28. fxe7 1-0